000 01051nac a22002777a 4500
001 BR7702239
003 BR-BrBNA
005 20240105114045.0
008 230509b bl.|||m| |||| 00| 0 por d
040 _aBR-BrBNA
_bpor
_cBiblioteca Nacional de Agricultura
072 _aF00
090 _a2320 BR7702239
110 1 _aEmpresa Brasileira de Pesquisa Agropecuaria, Brasilia, DF;
_93834
110 1 _aEmpresa Brasileira de Assistencia Tecnica e Extensao rural, Brasilia, DF
_93797
245 1 _aSistemas de producao para pimenta do reino Espirito Santo [Pratica cultural; Capsicum sp; Brasil]
260 3 _aVitoria, ES (Brasil):
_bEmpresa de Assistencia Tecnica e Extensao Rural do Estado do Espirito Santo,
_c1977.
300 _a33 p.
490 _aSistemas de Producao. Boletim (Brazil)
_vno. 124
_xISSN 0100-5359
500 _a6 tables
650 _aProducao vegetal
650 _aPimenta do reino
650 _aPratica cultural
650 _aEspirito Santo
909 _a202312
_bLúcia Elande
_c55
_dLúcia Elande
942 _2AGRIS
_n0
_cMS
999 _c267137
_d267137